000 00493nam a2200181Ia 4500
008 170918s9999 xx 000 0 und d
020 _a7177488
050 _bA432ki 2004
100 _aAllende, Isabel
245 _aKingdom of the golden dragon /
245 _cby Isabel Allende ; translated from the Spanish by Margaret Sayers Peden.
260 _aLondon :
260 _bHarper Perennial,
260 _c2004
300 _a437 pages :
300 _billustrations ;
300 _c19cm.
999 _c343535
_d343535